Vista normal
Vista MARC
Entrada Materia (geográfica)
Número de registros utilizados en: 1
001 - CONTROL NUMBER
- control field: 63645
003 - CONTROL NUMBER IDENTIFIER
- control field: Co-BoUCM
005 - DATE AND TIME OF LATEST TRANSACTION
- control field: 20140808163535.0
008 - FIXED-LENGTH DATA ELEMENTS
- fixed length control field: 140808|| aca||aabn | a|a d
040 ## - CATALOGING SOURCE
- Original cataloging agency: Co-BoUCM
- Transcribing agency: Co-BoUCM
151 ## - HEADING--GEOGRAPHIC NAME
- Geographic name: Tibet (China)
- Form subdivision: DVD
670 ## - SOURCE DATA FOUND
- Source citation: Work cat.: (Co-BoUCM)49685: Seven Years in Tibet, 1997